[Event "59th Rubinstein Memorial"]
[Site "Polanica Zdroj POL"]
[Date "2023.08.24"]
[Round "6.3"]
[White "Janik, Igor"]
[Black "Psyk, Radoslaw"]
[WhiteElo "2539"]
[BlackElo "2452"]
[Result "1/2-1/2"]
[EventDate "2023.08.19"]
[PlyCount "67"]
1.c4 e6 2.g3 d5 3.Bg2 d4 4.Nf3 Nc6 5.O-O Bc5 6.d3 Nf6 7.Nbd2 Be7 8.Nb3 O-O 9.e3 dxe3 10.Bxe3 Ng4 11.Bc5 Bxc5 12.Nxc5 b6 13.Nb3 Bb7 14.h3 Nf6 15.d4 Qc8 16.Qe2 a5 17.Ne5 Nxe5 18.dxe5 Bxg2 19.Kxg2 Qb7+ 20.f3 Nd7 21.Rad1 Rad8 22.Rd4 a4 23.Na1 Nc5 24.Rfd1 Qa8 25.Qd2 Nb7 26.Qc3 Rxd4 27.Rxd4 Rd8 28.Nc2 h5 29.g4 hxg4 30.hxg4 Na5 31.Qd3 Rxd4 32.Qxd4 c5 33.Qd3 Qb8 34.f4 1/2-1/2

[Event "59th Rubinstein Memorial"]
[Site "Polanica Zdroj POL"]
[Date "2023.08.24"]
[Round "6.4"]
[White "Kempinski, Robert"]
[Black "Bernadskii, Vitalii"]
[WhiteElo "2556"]
[BlackElo "2530"]
[Result "1-0"]
[EventDate "2023.08.19"]
[PlyCount "63"]
1.d4 Nf6 2.c4 g6 3.Nc3 Bg7 4.e4 d6 5.Be2 O-O 6.Be3 a5 7.Nf3 a4 8.O-O c5 9. dxc5 Ng4 10.Bd2 a3 11.cxd6 Qxd6 12.bxa3 Qxa3 13.Nb5 Qb2 14.Rb1 Qxa2 15.Bc3 Bxc3 16.Nxc3 Qa3 17.Nd5 Nc6 18.h3 Nf6 19.Qc2 Nd7 20.Qd2 e6 21.Nc7 Ra5 22. Nb5 Qc5 23.Rfd1 b6 24.Qh6 Nf6 25.Ng5 Ra2 26.Nc3 Rc2 27.Rb5 Rxc3 28.Rxc5 bxc5 29.f4 Ne7 30.g4 Bb7 31.e5 Rg3+ 32.Kf1 1-0

[Event "59th Rubinstein Memorial"]
[Site "Polanica Zdroj POL"]
[Date "2023.08.24"]
[Round "6.5"]
[White "Brodowski, Piotr"]
[Black "Nasuta, Grzegorz"]
[WhiteElo "2442"]
[BlackElo "2544"]
[Result "0-1"]
[EventDate "2023.08.19"]
[PlyCount "98"]
1.d4 d5 2.c4 c6 3.Nf3 Nf6 4.Qc2 dxc4 5.Qxc4 Bg4 6.Nbd2 Nbd7 7.g3 e6 8.Bg2 Be7 9.O-O a5 10.h3 Bh5 11.Qb3 Nb6 12.Nc4 Nxc4 13.Qxc4 a4 14.Ne5 Nd7 15. Nxd7 Qxd7 16.g4 Bg6 17.e4 O-O 18.Be3 Kh8 19.Rad1 f5 20.d5 exd5 21.exd5 Bf7 22.b3 axb3 23.Qxb3 fxg4 24.dxc6 Qf5 25.hxg4 Bxb3 26.gxf5 Bxd1 27.cxb7 Rad8 28.Bb6 Rd2 29.Be3 Rdd8 30.Bb6 Rd2 31.Be3 Rd3 32.Be4 Rdd8 33.Bb6 Rd2 34.Be3 Rdd8 35.Bb6 Rd7 36.Ba7 Bc2 37.Bc6 Rdd8 38.a4 Bb4 39.Rc1 Bxf5 40.Bb6 Rd6 41.Bc7 Rg6+ 42.Kh2 Bd6+ 43.Bxd6 Rxd6 44.a5 Bd3 45.f4 Rb8 46.Rd1 Rxc6 47. Rxd3 h5 48.Rd7 Kh7 49.f5 Kh6 0-1

[Event "59th Rubinstein Memorial"]
[Site "Polanica Zdroj POL"]
[Date "2023.08.25"]
[Round "7.1"]
[White "Nasuta, Grzegorz"]
[Black "Klimkowski, Jan"]
[WhiteElo "2544"]
[BlackElo "2490"]
[Result "1-0"]
[EventDate "2023.08.19"]
[PlyCount "83"]
1.e4 c5 2.Nf3 d6 3.d4 cxd4 4.Nxd4 Nf6 5.Nc3 a6 6.f3 e5 7.Nb3 Be6 8.Be3 h5 9.Nd5 Bxd5 10.exd5 Nbd7 11.Qd2 g6 12.O-O-O Qc7 13.Kb1 Bg7 14.Be2 O-O 15.g4 Rfc8 16.Rc1 a5 17.g5 Ne8 18.a4 Qd8 19.Bf2 Nc7 20.Rhe1 b6 21.Bf1 Rcb8 22. Re4 Qe8 23.Rd1 Rb7 24.f4 Nc5 25.Bxc5 bxc5 26.fxe5 Bxe5 27.Rde1 Rb4 28.Rxe5 dxe5 29.d6 Rd8 30.Bh3 Qc6 31.dxc7 Qxc7 32.Qc3 c4 33.Nd2 Rxa4 34.Rxe5 Qd6 35.Bg2 Rb8 36.Bd5 Qb6 37.Nxc4 Qc7 38.Qd4 Rab4 39.Qe4 Kf8 40.Qd4 Kg8 41.Re1 Rd8 42.Qf6 1-0

[Event "59th Rubinstein Memorial"]
[Site "Polanica Zdroj POL"]
[Date "2023.08.25"]
[Round "7.2"]
[White "Bernadskii, Vitalii"]
[Black "Brodowski, Piotr"]
[WhiteElo "2530"]
[BlackElo "2442"]
[Result "1-0"]
[EventDate "2023.08.19"]
[PlyCount "95"]
1.d4 Nf6 2.Nf3 g6 3.c4 d6 4.Nc3 Bf5 5.g3 Ne4 6.Nh4 Nxc3 7.bxc3 Bd7 8.e4 Bg7 9.Be3 c5 10.Bg2 cxd4 11.cxd4 Qa5+ 12.Kf1 Nc6 13.Kg1 Qc3 14.Rc1 Qa3 15. Nf3 Qxa2 16.Ra1 Qxc4 17.Bf1 Qb4 18.h3 O-O 19.Kg2 Nd8 20.Be2 Bb5 21.h4 h5 22.Bd3 Bxd3 23.Qxd3 d5 24.exd5 Qd6 25.Qb3 e6 26.dxe6 fxe6 27.Ra5 Rf5 28. Bf4 Qd7 29.Rxf5 gxf5 30.Rc1 Nc6 31.Rc5 Ne7 32.Rc7 Qd5 33.Qe3 Nc6 34.Bh6 Bf6 35.Bg7 Bd8 36.Rxc6 Qxc6 37.Qh6 Kf7 38.Be5 Ke8 39.Qxh5+ Kd7 40.Qf7+ Be7 41.Bf6 Re8 42.h5 e5 43.dxe5 Qe6 44.Qg6 Rf8 45.Nd4 Qd5+ 46.f3 Bxf6 47.exf6 Re8 48.Qg7+ 1-0

[Event "59th Rubinstein Memorial"]
[Site "Polanica Zdroj POL"]
[Date "2023.08.25"]
[Round "7.3"]
[White "Psyk, Radoslaw"]
[Black "Kempinski, Robert"]
[WhiteElo "2452"]
[BlackElo "2556"]
[Result "1-0"]
[EventDate "2023.08.19"]
[PlyCount "83"]
1.e4 c5 2.Nf3 d6 3.Bb5+ Nd7 4.O-O a6 5.Be2 Ngf6 6.d3 b5 7.a4 Bb7 8.Na3 e6 9.Bf4 Qb6 10.axb5 axb5 11.c4 b4 12.Nb5 Rxa1 13.Qxa1 e5 14.Bg5 Be7 15.Nh4 g6 16.Bh6 Bf8 17.Bxf8 Rxf8 18.f4 Ke7 19.Nf3 Nh5 20.fxe5 dxe5 21.Qe1 f6 22. Bd1 Bc6 23.Ba4 Rf7 24.Na7 Qxa7 25.Bxc6 Nf4 26.Qh4 h5 27.Qe1 Nb6 28.g3 Ne6 29.Qf2 Kd6 30.Be8 Rf8 31.Bxg6 Qa2 32.Bf5 Nd4 33.Nxd4 cxd4 34.c5+ Kxc5 35. Rc1+ Kb5 36.Qc2 Ka6 37.Qc6 Qxb2 38.Be6 Rb8 39.Rc5 Qa3 40.Bd5 Qa4 41.Bc4+ Ka7 42.Qxa4+ 1-0

[Event "59th Rubinstein Memorial"]
[Site "Polanica Zdroj POL"]
[Date "2023.08.25"]
[Round "7.4"]
[White "Fedorchuk, Serhii"]
[Black "Janik, Igor"]
[WhiteElo "2586"]
[BlackElo "2539"]
[Result "1-0"]
[EventDate "2023.08.19"]
[PlyCount "63"]
1.e4 c6 2.d4 d5 3.f3 e6 4.Nc3 Bb4 5.Bd2 Ne7 6.h4 b6 7.Nce2 Bd6 8.e5 Bc7 9. h5 h6 10.f4 Ba6 11.Be3 Nd7 12.Nf3 f5 13.Qd2 O-O 14.O-O-O c5 15.Qe1 Nc6 16. Kb1 Rf7 17.Rg1 Qe7 18.c3 Bxe2 19.Qxe2 c4 20.g4 fxg4 21.Rxg4 Nf8 22.Nh4 b5 23.Qc2 Qd7 24.Bh3 Ne7 25.f5 exf5 26.Rg3 Kh8 27.Rdg1 Ne6 28.Ng6+ Nxg6 29. hxg6 Re7 30.Bxf5 Kg8 31.Bxh6 Rf8 32.Bg5 1-0

[Event "59th Rubinstein Memorial"]
[Site "Polanica Zdroj POL"]
[Date "2023.08.25"]
[Round "7.5"]
[White "Gavrilescu, David"]
[Black "Plat, Vojtech"]
[WhiteElo "2526"]
[BlackElo "2486"]
[Result "1/2-1/2"]
[EventDate "2023.08.19"]
[PlyCount "61"]
1.e4 d6 2.d4 Nf6 3.Nc3 e5 4.Nf3 exd4 5.Nxd4 Be7 6.g3 d5 7.e5 Ng4 8.Bg2 c6 9.Qe2 Bc5 10.h3 Bxd4 11.hxg4 Qe7 12.f4 Na6 13.g5 Bf5 14.g4 Bd7 15.Bf3 O-O-O 16.Be3 Bxe3 17.Qxe3 f6 18.gxf6 gxf6 19.O-O-O fxe5 20.fxe5 Kb8 21.Ne2 Rde8 22.Rh5 Rhf8 23.Nd4 Nc7 24.Rdh1 c5 25.Nb3 d4 26.Qe2 Qf7 27.Rxh7 Qf4+ 28.Nd2 Rxe5 29.Qh2 Qxh2 30.R7xh2 Ne6 31.Nc4 1/2-1/2

[Event "59th Rubinstein Memorial"]
[Site "Polanica Zdroj POL"]
[Date "2023.08.26"]
[Round "8.1"]
[White "Klimkowski, Jan"]
[Black "Plat, Vojtech"]
[WhiteElo "2490"]
[BlackElo "2486"]
[Result "0-1"]
[EventDate "2023.08.19"]
[PlyCount "98"]
1.c4 d6 2.Nc3 e5 3.Nf3 Nf6 4.d4 exd4 5.Nxd4 g6 6.g3 Bg7 7.Bg2 O-O 8.O-O a5 9.h3 Na6 10.e4 Nc5 11.Bg5 Re8 12.Qc2 h6 13.Be3 c6 14.Rfe1 Qe7 15.Rad1 a4 16.f4 Nfd7 17.Bf2 Qf8 18.b4 axb3 19.axb3 Ra3 20.b4 Ne6 21.Nxe6 Rxe6 22.Nb1 Ra8 23.Nd2 Ra3 24.Nb1 Ra8 25.Nd2 Ra3 26.Nb3 Re8 27.Kh2 Qe7 28.Rd3 h5 29. Nc1 Rxd3 30.Nxd3 Qf6 31.Qb1 Qc3 32.Rc1 Qa3 33.b5 c5 34.b6 Qa5 35.e5 dxe5 36.fxe5 h4 37.gxh4 Nxe5 38.Nxc5 Qd2 39.Qc2 Qf4+ 40.Kg1 Nf3+ 41.Bxf3 Qxf3 42.Qb3 Qf5 43.Qd3 Qf4 44.Rd1 Be5 45.Nd7 Qh2+ 46.Kf1 Rd8 47.Nxe5 Rxd3 48. Nxd3 Qxh3+ 49.Ke1 Bg4 0-1

[Event "59th Rubinstein Memorial"]
[Site "Polanica Zdroj POL"]
[Date "2023.08.26"]
[Round "8.2"]
[White "Janik, Igor"]
[Black "Gavrilescu, David"]
[WhiteElo "2539"]
[BlackElo "2526"]
[Result "0-1"]
[EventDate "2023.08.19"]
[PlyCount "64"]
1.c4 e5 2.Nc3 Bb4 3.Nd5 a5 4.a3 Bc5 5.Nf3 d6 6.e3 c6 7.Nc3 Nd7 8.Ne4 Qe7 9.Nxc5 Nxc5 10.b3 a4 11.b4 Nb3 12.Rb1 e4 13.Ng1 Nf6 14.Bb2 O-O 15.Ne2 Be6 16.Nc1 Nxc1 17.Qxc1 Ng4 18.Qc3 Ne5 19.Qd4 Qg5 20.Rc1 Qf5 21.Be2 f6 22.O-O Nf3+ 23.Bxf3 exf3 24.Rfe1 Qg6 25.g3 Rae8 26.Qxd6 Qh5 27.Qf4 Bg4 28.Kh1 Re5 29.h4 g5 30.Qd4 gxh4 31.Kg1 hxg3 32.Qf4 Qh2+ 0-1

[Event "59th Rubinstein Memorial"]
[Site "Polanica Zdroj POL"]
[Date "2023.08.26"]
[Round "8.3"]
[White "Kempinski, Robert"]
[Black "Fedorchuk, Serhii"]
[WhiteElo "2556"]
[BlackElo "2586"]
[Result "1/2-1/2"]
[EventDate "2023.08.19"]
[PlyCount "40"]
1.Nf3 Nf6 2.c4 b6 3.g3 c5 4.Bg2 Bb7 5.O-O g6 6.Nc3 Bg7 7.d4 cxd4 8.Qxd4 d6 9.b3 Nbd7 10.Bb2 O-O 11.Ne1 Rb8 12.Bxb7 Rxb7 13.Nc2 Nc5 14.Qe3 Qc8 15.Qf3 a6 16.Nd5 Nce4 17.Qd3 Nc5 18.Qf3 Nce4 19.Qd3 Nc5 20.Qf3 Nce4 1/2-1/2

[Event "59th Rubinstein Memorial"]
[Site "Polanica Zdroj POL"]
[Date "2023.08.26"]
[Round "8.4"]
[White "Brodowski, Piotr"]
[Black "Psyk, Radoslaw"]
[WhiteElo "2442"]
[BlackElo "2452"]
[Result "1-0"]
[EventDate "2023.08.19"]
[PlyCount "140"]
1.d4 Nf6 2.Nf3 e6 3.c4 d5 4.Nc3 c5 5.cxd5 Nxd5 6.e4 Nxc3 7.bxc3 cxd4 8. cxd4 Bb4+ 9.Bd2 Bxd2+ 10.Qxd2 O-O 11.Bc4 Nd7 12.O-O b6 13.Rad1 Bb7 14.Rfe1 Rc8 15.Bb3 Re8 16.h3 Qf6 17.Re3 Qf4 18.d5 exd5 19.Bxd5 Bxd5 20.Qxd5 Nc5 21.e5 Ne6 22.Qb3 Red8 23.Ree1 Rxd1 24.Rxd1 Rc1 25.g3 Rxd1+ 26.Qxd1 Qc4 27. a4 Qc8 28.Qd6 h6 29.Nd4 Ng5 30.Nc6 Qxh3 31.Qd3 Qe6 32.Qd8+ Kh7 33.Ne7 f5 34.exf6 gxf6 35.Qc7 Qe1+ 36.Kg2 Qe4+ 37.Kh2 Nf3+ 38.Kh3 Ng1+ 39.Kh2 Nf3+ 40.Kh3 Ng5+ 41.Kh2 Qe6 42.Nd5+ Kg8 43.Qb8+ Kg7 44.Qxa7+ Nf7 45.Nf4 Qd6 46. Qb7 f5 47.Qc8 Qe5 48.Qd7 Qb2 49.Kg2 Qe5 50.Qc6 Qd6 51.Qe8 Ng5 52.Qc8 Kf6 53.Nh5+ Kg6 54.Qe8+ Kh7 55.Qd7+ Qxd7 56.Nf6+ Kg6 57.Nxd7 f4 58.Nxb6 fxg3 59.fxg3 Ne6 60.a5 Nc5 61.Kh3 Kf5 62.Kh4 Ke5 63.Kh5 Kd6 64.Kxh6 Kc6 65.g4 Kb5 66.g5 Ne4 67.Nc4 Kxc4 68.a6 Nd6 69.a7 Nf5+ 70.Kh7 Kd5 1-0

[Event "59th Rubinstein Memorial"]
[Site "Polanica Zdroj POL"]
[Date "2023.08.26"]
[Round "8.5"]
[White "Nasuta, Grzegorz"]
[Black "Bernadskii, Vitalii"]
[WhiteElo "2544"]
[BlackElo "2530"]
[Result "1-0"]
[EventDate "2023.08.19"]
[PlyCount "59"]
1.e4 c5 2.Nf3 e6 3.d4 cxd4 4.Nxd4 Nc6 5.Nc3 d6 6.g4 a6 7.Be3 Nge7 8.Rg1 h6 9.Qd2 Nxd4 10.Qxd4 b5 11.O-O-O Nc6 12.Qd2 Qa5 13.Kb1 Ne5 14.f4 b4 15.Nd5 exd5 16.fxe5 dxe5 17.exd5 Bd6 18.h4 Qc7 19.Bd3 a5 20.Rc1 Bd7 21.h5 a4 22. g5 a3 23.b3 Rc8 24.gxh6 gxh6 25.Rcf1 Bc5 26.Qf2 f5 27.Bxf5 Bxf5 28.Qxf5 Bxe3 29.Qe6+ Kd8 30.Rg8+ 1-0

[Event "59th Rubinstein Memorial"]
[Site "Polanica Zdroj POL"]
[Date "2023.08.27"]
[Round "9.1"]
[White "Bernadskii, Vitalii"]
[Black "Klimkowski, Jan"]
[WhiteElo "2530"]
[BlackElo "2490"]
[Result "1/2-1/2"]
[EventDate "2023.08.19"]
[PlyCount "80"]
1.d4 Nf6 2.c4 e6 3.Nf3 d5 4.Nc3 Bb4 5.Bg5 h6 6.Bxf6 Qxf6 7.e3 O-O 8.Rc1 dxc4 9.Bxc4 c5 10.O-O cxd4 11.Ne4 Qe7 12.a3 Ba5 13.Qxd4 Rd8 14.Qc5 Qxc5 15.Nxc5 Nd7 16.Nb3 Bb6 17.a4 Nf6 18.a5 Bc7 19.Be2 Bd6 20.Rfd1 Kf8 21.Ne5 Ke7 22.Nc4 Bc7 23.Rxd8 Kxd8 24.Na3 Be5 25.Nc4 Bc7 26.Bf3 Rb8 27.Na3 Be5 28.Nc4 Bc7 29.Na3 Be5 30.Rc2 g5 31.h3 b5 32.axb6 axb6 33.Nc4 Bc7 34.Nd4 Bd7 35.Nc6+ Bxc6 36.Bxc6 Ke7 37.Kf1 Nd7 38.b4 Ne5 39.Nxe5 Bxe5 40.b5 Rd8 1/2-1/2

[Event "59th Rubinstein Memorial"]
[Site "Polanica Zdroj POL"]
[Date "2023.08.27"]
[Round "9.2"]
[White "Psyk, Radoslaw"]
[Black "Nasuta, Grzegorz"]
[WhiteElo "2452"]
[BlackElo "2544"]
[Result "0-1"]
[EventDate "2023.08.19"]
[PlyCount "80"]
1.e4 e5 2.Nf3 Nc6 3.Bb5 a6 4.Ba4 Nf6 5.O-O b5 6.Bb3 Bc5 7.c3 d6 8.d4 Bb6 9.a4 Rb8 10.a5 Ba7 11.h3 Bb7 12.Re1 O-O 13.Bg5 h6 14.Bh4 g5 15.Nxg5 hxg5 16.Bxg5 exd4 17.Qf3 Kg7 18.Qg3 Ne5 19.cxd4 Ng6 20.e5 dxe5 21.dxe5 Nh5 22. Qg4 Qd4 23.Be3 Qxg4 24.hxg4 Bxe3 25.gxh5 Ba7 26.hxg6 fxg6 27.Re2 Rxf2 28. Rxf2 Rf8 29.Nc3 Rxf2 30.Kh2 Rxg2+ 31.Kh3 Rxb2 32.Bd5 Bc8+ 33.e6 c6 34.Nd1 Rd2 35.Bxc6 Bxe6+ 36.Kg3 Bb3 37.Bf3 Bb8+ 38.Kg4 Kf6 39.Nc3 Be6+ 40.Kh4 Rh2# 0-1

[Event "59th Rubinstein Memorial"]
[Site "Polanica Zdroj POL"]
[Date "2023.08.27"]
[Round "9.3"]
[White "Fedorchuk, Serhii"]
[Black "Brodowski, Piotr"]
[WhiteElo "2586"]
[BlackElo "2442"]
[Result "1-0"]
[EventDate "2023.08.19"]
[PlyCount "59"]
1.e4 c5 2.Nf3 d6 3.d4 cxd4 4.Nxd4 Nf6 5.Nc3 Nc6 6.Be2 g6 7.Be3 Bg7 8.Qd2 O-O 9.O-O-O Bd7 10.h4 h5 11.f3 Ne5 12.g4 Rc8 13.gxh5 Nxh5 14.Rhg1 Nc4 15. Bxc4 Rxc4 16.Kb1 b5 17.b3 Rc5 18.Nde2 Qc8 19.Nd5 Re8 20.Rg5 e6 21.Bxc5 dxc5 22.Ndf4 Nf6 23.h5 Bh6 24.Nxg6 Kh7 25.Qf4 Qd8 26.Ne5 Qe7 27.Qg3 Bxg5 28.Qxg5 Rg8 29.Qh4 Be8 30.Ng4 1-0

[Event "59th Rubinstein Memorial"]
[Site "Polanica Zdroj POL"]
[Date "2023.08.27"]
[Round "9.4"]
[White "Gavrilescu, David"]
[Black "Kempinski, Robert"]
[WhiteElo "2526"]
[BlackElo "2556"]
[Result "1-0"]
[EventDate "2023.08.19"]
[PlyCount "95"]
1.e4 c5 2.Nf3 d6 3.d4 cxd4 4.Nxd4 Nf6 5.Nc3 a6 6.Be3 e5 7.Nb3 Be6 8.h3 Be7 9.f4 exf4 10.Bxf4 Nc6 11.Qe2 Nd7 12.O-O-O Nde5 13.Kb1 O-O 14.Nd5 a5 15.a4 Bf6 16.Qd2 Bxd5 17.exd5 Nb4 18.g4 Ng6 19.Be3 Qe8 20.Bb5 Qe4 21.Rhe1 Rfc8 22.Bc5 Qf4 23.Qxf4 Nxf4 24.Bxd6 Nfxd5 25.c4 Rd8 26.Bg3 Ne7 27.Nxa5 Rd3 28. Bd6 Nec6 29.Nxc6 Rxd1+ 30.Rxd1 Nxc6 31.b4 Nd4 32.g5 Nxb5 33.cxb5 Bxg5 34. a5 f5 35.a6 b6 36.Bc7 Kf7 37.Bxb6 Bf4 38.a7 Ke7 39.Rd8 Rxa7 40.Rd4 Bb8 41. Bxa7 Bxa7 42.Rh4 h6 43.Rc4 Kd7 44.Kc2 Bb8 45.b6 g5 46.b7 g4 47.hxg4 fxg4 48.Rc8 1-0